000
00313nam a2200145Ia 4500
100
_a
Morris/Noel M
250
_a
2
942
_c
BK
654
_a
industrial
245
_a
Advanced Industrial electronics
260
_b
McGraw Hill
_a
London
_c
1984
082
_a
621.381
_b
MOR
300
_a
408
546
_a
ENGLISH
999
_c
22469
_d
22469